Представление документа в формате MARC21

Поле Инд. ПП Название Значение
Тип записи a
Библиографический уровень m
001 Контрольный номер RU/IS/BASE/140610042
005 Дата корректировки 20230216095433.5
040 b Код языка каталог. rus
041 0_ a Код языка текста rus
080 00 a Индекс УДК 004.42
084 a Индекс другой классификации/Индекс ББК 32.973.26-018.2
090 00 a Полочн. индекс 681.3
x Авторский знак М30
097 b Оператор 11
100 10 a Автор Марченко А. И.
245 00 a Заглавие Word 7.0 для Windows 95
260 00 a Место издания Киев
b Издательство BHV
c Дата издания 1997
300 00 a Объем 464 c.
b Иллюстрации/ тип воспроизводства ил.
510 0_ a Примечание о ссылках Книги и методические пособия
650 04 a Основная рубрика 50.41 Программное обеспечение вычислительных машин, комплексов и сетей
x Основная подрубрика 50.41.25 Прикладное программное обеспечение
653 0_ a Ключевые слова программы (выч. техника); прикладные программы; Windows; Word
700 10 a Другие авторы Пасько В. П.
901 t Тип документа m